MARC details
| 000 -LEADER |
| fixed length control field |
01499cam a2200409 a 4500 |
| 001 - CONTROL NUMBER |
| control field |
15490207 |
| 003 - CONTROL NUMBER IDENTIFIER |
| control field |
GZU |
| 005 - DATE AND TIME OF LATEST TRANSACTION |
| control field |
20200904113720.0 |
| 008 - FIXED-LENGTH DATA ELEMENTS--GENERAL INFORMATION |
| fixed length control field |
081020s2009 cauabf b 001 0 eng |
| 010 ## - LIBRARY OF CONGRESS CONTROL NUMBER |
| LC control number |
2008939921 |
| 015 ## - NATIONAL BIBLIOGRAPHY NUMBER |
| National bibliography number |
GBA8A7743 |
| Source |
bnb |
| 016 7# - NATIONAL BIBLIOGRAPHIC AGENCY CONTROL NUMBER |
| Record control number |
014749676 |
| Source |
Uk |
| 020 ## - INTERNATIONAL STANDARD BOOK NUMBER |
| International Standard Book Number |
9781412901376 (alk. paper) |
| 020 ## - INTERNATIONAL STANDARD BOOK NUMBER |
| International Standard Book Number |
1412901375 (alk. paper) |
| 020 ## - INTERNATIONAL STANDARD BOOK NUMBER |
| International Standard Book Number |
9781412901383 (pbk. : alk. paper) |
| 020 ## - INTERNATIONAL STANDARD BOOK NUMBER |
| International Standard Book Number |
1412901383 (pbk. : alk. paper) |
| 035 ## - SYSTEM CONTROL NUMBER |
| System control number |
(OCoLC)ocn248987556 |
| 040 ## - CATALOGING SOURCE |
| Original cataloging agency |
UKM |
| Transcribing agency |
UKM |
| Modifying agency |
BWKUK |
| -- |
BWK |
| -- |
YDXCP |
| -- |
DLC |
| 042 ## - AUTHENTICATION CODE |
| Authentication code |
lccopycat |
| 050 00 - LIBRARY OF CONGRESS CALL NUMBER |
| Classification number |
D843 |
| Item number |
.P27 2009 |
| 082 00 - DEWEY DECIMAL CLASSIFICATION NUMBER |
| Classification number |
320.1/2 |
| Edition number |
23 |
| 100 1# - MAIN ENTRY--PERSONAL NAME |
| Personal name |
Painter, Joe, |
| Dates associated with a name |
1965- |
| 245 10 - TITLE STATEMENT |
| Title |
Political geography : |
| Remainder of title |
an introduction to space and power / |
| Statement of responsibility, etc. |
Joe Painter and Alex Jeffrey. |
| 250 ## - EDITION STATEMENT |
| Edition statement |
2nd ed. |
| 260 ## - PUBLICATION, DISTRIBUTION, ETC. |
| Place of publication, distribution, etc. |
Los Angeles : |
| Name of publisher, distributor, etc. |
SAGE, |
| Date of publication, distribution, etc. |
2009. |
| 300 ## - PHYSICAL DESCRIPTION |
| Extent |
x, 236 p., [2] p. of plates : |
| Other physical details |
ill. (some col.), maps ; |
| Dimensions |
25 cm. |
| 500 ## - GENERAL NOTE |
| General note |
Previous ed.: published as Politics, geography, and political geography by Joe Painter. London: Arnold, 1995. |
| 504 ## - BIBLIOGRAPHY, ETC. NOTE |
| Bibliography, etc. note |
Includes bibliographical references (p. [221]-230) and index. |
| 650 #0 - SUBJECT ADDED ENTRY--TOPICAL TERM |
| Topical term or geographic name entry element |
Political geography. |
| 650 #0 - SUBJECT ADDED ENTRY--TOPICAL TERM |
| Topical term or geographic name entry element |
World politics. |
| 650 #0 - SUBJECT ADDED ENTRY--TOPICAL TERM |
| Topical term or geographic name entry element |
Geopolitics. |
| 700 1# - ADDED ENTRY--PERSONAL NAME |
| Personal name |
Jeffrey, Alex. |
| 700 1# - ADDED ENTRY--PERSONAL NAME |
| Personal name |
Painter, Joe, |
| Dates associated with a name |
1965- |
| Title of a work |
Politics, geography, and political geography. |
| 906 ## - LOCAL DATA ELEMENT F, LDF (RLIN) |
| a |
7 |
| b |
cbc |
| c |
copycat |
| d |
2 |
| e |
ncip |
| f |
20 |
| g |
y-gencatlg |
| 942 ## - ADDED ENTRY ELEMENTS (KOHA) |
| Source of classification or shelving scheme |
Library of Congress Classification |
| Koha item type |
Books |
| Edition |
2nd ed. |
| Classification part |
843 |
| Item part |
PAI |
| Call number prefix |
D |
| Call number suffix |
2009 |